| 000 | 00780nam a22002297a 4500 | ||
|---|---|---|---|
| 005 | 20140409114742.0 | ||
| 008 | 140327b xxu||||| |||| 00| 0 eng d | ||
| 010 | _aENG-109627 | ||
| 020 |
_a9789350354308 _c1195.00 |
||
| 035 | _aEN-93160 | ||
| 037 | _bDBAD/PUB | ||
| 040 |
_aDPL _bEng |
||
| 082 | _a342.54 | ||
| 100 | _aBakshi, P.M. | ||
| 245 |
_aCommentary on the Constitution of India : _cby P.M. Bakshi _ban exhaustive article wise commentary on the Constitution of India based on plethora of case law / |
||
| 250 | _aenl ed | ||
| 260 |
_aDelhi _bUniversal Law Publishing _c2014 |
||
| 270 |
_aA-58, G.T. Karnal Road Industrial Area _cDelhi _e110033 |
||
| 300 |
_acxciv,985p. _c24cm(Hb) |
||
| 500 | _aIncludes index | ||
| 942 |
_cEN _2ddc _h342.54 _mBAK |
||
| 999 |
_c83194 _d83194 |
||